| 000 | 01096nac a22002771u 4500 | ||
|---|---|---|---|
| 010 | _a 2005021256 | ||
| 020 | _a0072971843 | ||
| 020 | _a9780072971842 | ||
| 035 | _a(OCoLC)ocm61169740 | ||
| 082 | 0 | 0 |
_a620.00285536 _bG685 |
| 090 |
_c5022 _d5022 |
||
| 100 | _aGottfried, Byron S., | ||
| 245 | 1 | 0 |
_aSpreadsheet tools for engineers using Excel / _cByron S. Gottfried. |
| 250 | _a3rd ed. | ||
| 260 |
_aNew York : _bMcGraw-Hill,2007 _cc2007. |
||
| 300 |
_ax, 502 p. : _bill. ; _c24 cm. |
||
| 490 | 1 | _aBasic engineering series and tools | |
| 500 | _aIncludes index. | ||
| 650 | 0 |
_aEngineering _xData processing. |
|
| 650 | 0 | _aElectronic spreadsheets. | |
| 830 | 0 | _aMcGraw-Hill's BEST--basic engineering series and tools. | |
| 856 | 4 | 1 |
_3Table of contents only _uhttp://www.loc.gov/catdir/toc/ecip0516/2005021256.html |
| 856 | 4 | 1 |
_3Publisher description _uhttp://www.loc.gov/catdir/enhancements/fy0664/20050 |
| 942 |
_cTB _k620.00285536G685 |
||
| 999 |
_c5022 _d5022 |
||